O homem que confundiu seu trabalho com a vida (Record no. 63883)

MARC details
000 -LÍDER
campo de controle de tamanho fixo 00408 a2200157 4500
001 - NÚMERO DE CONTROLE
campo de controle 63883
020 ## - ISBN - INTERNATIONAL STANDARD BOOK NUMBER
ISBN - International Standard Book Number 8575421107 (broch.)
040 ## - FONTE DA CATALOGAÇÃO
Instituição que transcreveu o registro Anchieta - Pituba
100 ## - ENTRADA PRINCIPAL--NOME PESSOAL
Nome pessoal Lazear, Jonathon.
240 10 - TÍTULO UNIFORME
Título uniforme O homem que confundiu seu trabalho com a vida
Idioma da obra por
245 10 - TÍTULO
Título O homem que confundiu seu trabalho com a vida
300 ## - DESCRIÇÃO FÍSICA
Extensão 151p.
362 0# - DATAS DE PUBLICAÇÃO E/OU DESIGNAÇÃO SEQUENCIAL
Datas de publicação e/ou designação sequencial 2004
650 #4 - ASSUNTO--TERMO TÓPICO
Cabeçalho tópico ou nome geográfico Psicologia diferencial
942 ## - ELEMENTOS DE ENTRADA ADICIONADOS (KOHA)
Tipo de material Koha Livros
Holdings
Situação do descarte Situação das perdas Situação física Não pode ser emprestado Biblioteca de origem Biblioteca atual Data de aquisição Total de empréstimos Número de chamada completo Código de barras Data de último acesso Data do preço efetivo Tipo de material Koha
        Colégio Anchieta - Pituba Colégio Anchieta - Pituba 21/11/2023   155 L431h LAZ HOM 17483/PIT 21/11/2023 21/11/2023 Livros